Lí luận văn học T.3 Tiến trình văn học

Gespeichert in:
Bibliographische Detailangaben
1. Verfasser: Phương Lựu (chủ biên)
Weitere Verfasser: La, Khắc Hòa, Trần, Mạnh Tiến
Format: Buch
Veröffentlicht: H. ĐH Sư phạm 2009
Ausgabe:In lần thứ ba
Schlagworte:
Tags: Tag hinzufügen
Keine Tags, Fügen Sie den ersten Tag hinzu!
Thư viện lưu trữ: Trung tâm Học liệu Lê Vũ Hùng, Trường Đại học Đồng Tháp
LEADER 01005pam a22002898a 4500
001 00029576
005 20171026081023.0
008 120910s2009 ||||||Viesd
020 |c 37000 
041 0 # |a Vie 
082 1 4 |a 807  |b L300L 
100 0 # |a Phương Lựu  |e chủ biên 
245 0 0 |a Lí luận văn học  |c Phương Lựu (ch.b); La Khắc Hòa, Trần Mạnh Tiến  |n T.3  |p Tiến trình văn học 
250 # # |a In lần thứ ba 
260 # # |a H.  |b ĐH Sư phạm  |c 2009 
300 # # |a 334tr.  |c 21 cm. 
650 # 4 |a Văn học  |v Lí luận 
653 # # |a Lí luận 
653 # # |a Tiến trình văn học 
700 1 # |a La, Khắc Hòa 
700 1 # |a Trần, Mạnh Tiến 
852 # # |b Kho mượn  |j KM.0014409, KM.0014653 
852 # # |b Kho đọc  |j KD.0013928 
852 # # |j KM.0014410  |j KM.0014653  |j KM.0014409  |j KM.0031487 
910 # # |d 08/10/2012 
980 # # |a Trung tâm Học liệu Lê Vũ Hùng, Trường Đại học Đồng Tháp